Bangladesh at 25 : an analytical discourse on development /

Papers presented at a seminar organized by the Jahangirnagar University in 1995 to observe 25 years of Bangladesh.

Dades bibliogràfiques
Altres autors: Bayes, Abdul, Ānu Muhāmmada
Format: Llibre
Idioma:English
Publicat: Dhaka : University Press Ltd., 1998.
Matèries:
Classic Catalogue: View this record in Classic Catalogue
LEADER 01968nam a2200325 a 4500
001 193664
008 091103s1998 bg a b 101 0 eng d
010 |a \\\98906090  
020 |a 984051421X 
040 |a DLC  |c DLC 
082 0 0 |a 338/.09549/2  |2 21 
245 0 0 |a Bangladesh at 25 :  |b an analytical discourse on development /  |c edited by Abdul Bayes, Anu Muhammad. 
246 3 |a Bangladesh at twenty-five 
260 |a Dhaka :  |b University Press Ltd.,  |c 1998. 
300 |a xvi, 401 p. :  |b ill. ;  |c 22 cm. 
520 |a Papers presented at a seminar organized by the Jahangirnagar University in 1995 to observe 25 years of Bangladesh. 
504 |a Includes bibliographical references and index. 
541 1 |e 00009430 
651 0 |a Bangladesh  |x Economic conditions  |v Congresses. 
651 0 |a Bangladesh  |x Politics and government  |y 1971-  |v Congresses. 
651 0 |a Bangladesh  |x Social conditions  |v Congresses. 
700 1 |a Bayes, Abdul. 
700 0 |a Ānu Muhāmmada. 
852 4 |a Ayesha Abed Library  |j General shelf 
999 |c 5081  |d 5081 
952 |0 0  |1 0  |2 ddc  |4 0  |6 338_095492000000000_BAN_1998  |7 0  |9 4934  |a BRACUL  |b BRACUL  |c GEN  |d 2009-11-04  |g 0.00  |l 0  |o 338.095492 BAN  |p 3010009430  |r 2009-11-04  |t 1  |w 2009-11-04  |y BK  |x No price found in the accession register. 
952 |0 0  |1 0  |2 ddc  |4 0  |6 338_095492000000000_BAN_1998  |7 0  |9 5720  |a BRACUL  |b BRACUL  |c GEN  |d 2009-11-22  |g 550.00  |l 0  |o 338.095492 BAN  |p 3010006538  |r 2009-11-22  |t 2  |v 1100.00  |w 2009-11-22  |y BK 
952 |0 0  |1 0  |2 ddc  |4 0  |6 338_095492000000000_BAN_1998  |7 0  |9 5721  |a BRACUL  |b BRACUL  |c GEN  |d 2009-11-22  |g 0.00  |l 0  |o 338.095492 BAN  |p 3010009429  |r 2009-11-22  |t 3  |w 2009-11-22  |y BK  |x No price found in the accession register. 
952 |0 0  |1 0  |2 ddc  |4 0  |6 338_000000000000000__09549_2_BAN  |7 0  |9 43037  |a SCL  |b SCL  |c GEN  |d 1998-11-11  |g 550.00  |l 0  |o 338.095492 BAN  |p 3020000487  |r 2014-07-09  |t 4  |w 2014-07-09  |y BK 
952 |0 0  |1 0  |2 ddc  |4 0  |6 338_000000000000000__09549_2_BAN  |7 0  |9 43161  |a SCL  |b SCL  |c GEN  |d 1999-01-03  |g 550.00  |l 0  |o 338.095492 BAN  |p 3020001240  |r 2014-07-15  |t 5  |w 2014-07-15  |y BK